000
00280nam a2200133Ia 4500
100
_a
Banerjee/B
942
_c
BK
654
_a
Cost accounting
245
_a
Cost Accounting
260
_b
World Press Pvt.Ltd
_a
Calcutta
_c
1992
300
_a
930
546
_a
ENGLISH
999
_c
27217
_d
27217